000
00338nam a2200133Ia 4500
008
170419s9999 xx 000 0 und d
100
_a
Carter, Michael.
245
_a
Response to Meleis's article
245
_c
Michael Carter
260
_b
Elsevier
260
_c
2016
300
_a
September/November
440
_a
Nursing Outlook
_v
64:5
999
_c
329472
_d
329472